[Event "ESP-chA"]
[Site "Lorca"]
[Date "2005.11.10"]
[Round "1.1"]
[White "Teran Alvarez, Ismael"]
[Black "Arizmendi Martinez, Julen Luis"]
[Result "0-1"]
[WhiteElo "2428"]
[BlackElo "2509"]
[Annotator "Arizmendi,J"]
[PlyCount "84"]
[EventDate "2005.11.10"]
[EventType "tourn"]
[EventRounds "5"]
[EventCountry "ESP"]
[EventCategory "10"]
[SourceTitle "CBM 111"]
[Source "ChessBase"]
[SourceDate "2006.04.04"]
[SourceVersion "1"]
[SourceVersionDate "2006.04.04"]
[SourceQuality "1"]

1. e4 c5 2. Nf3 d6 3. d4 cxd4 4. Nxd4 Nf6 5. Nc3 a6 6. Bc4 e6 7. Bb3 Nbd7 8.
Bg5 Qa5 9. Qd2 ({A more testing idea is} 9. Bd2 {, although I still believe
Black should be doing fine.}) 9... Be7 10. h4 (10. f3) 10... Nc5 11. O-O-O h6 {
White could have played f3 earlier, but I guess he wanted to put his rook on
e1 and play in the center. In that case, f3 would not make much sense. Now,
the problem is that after the game move he must exchange his dark-squared
bishop, which gives Black an excellent game in these structures unless White
can create play quickly.} 12. Bxf6 ({I guess it would be better to make Black
work a little to achieve his aim.} 12. Be3 Ng4) 12... Bxf6 13. Kb1 Qc7 $2 {
A stupid move.} ({After} 13... Bd7 {, followed by ...0-0-0 I prefer Black
already. I am still searching for an explanation for my dumb queen move.}) 14.
g4 {Suddenly I have problems holding f7 and e6.} Bd7 15. g5 Be7 16. f4 (16. Nf5
$2 {looks menacing, but it does not suffice.} exf5 17. Nd5 Qd8 18. exf5 Bxf5
19. Rhe1 Be6 $17) 16... O-O-O (16... hxg5 17. hxg5 Rxh1 18. Rxh1 O-O-O 19. g6
$16) 17. f5 $6 ({White misses his chance. A typical tactical idea was possible
here:} 17. g6 $1 Bf6 (17... fxg6 18. Bxe6 $1 Bxe6 19. Nxe6 Nxe6 20. Nd5 $18 {
And White wins, since 20...Qd7 loses the queen to 21.Nb6+}) 18. gxf7 Rhf8 19.
f5 Bxd4 (19... exf5 20. Nd5 Nxe4 21. Qe1) 20. Qxd4 Rxf7 $16) 17... hxg5 $6 {
I was oblivious to the Bxe6 idea, so I happily carried out my plan.} (17... d5
$142 18. fxe6 fxe6 19. exd5 e5 {is the right move order.}) 18. hxg5 (18. fxe6
$1 {leaves on top, but maybe black can hold on.} fxe6 19. Bxe6 Bxe6 20. Nxe6
Nxe6 21. Nd5 Qc5 22. Nxe7+ Kb8 23. Qd5 Nf4 $1 24. Qxg5 Qxg5 25. hxg5 Rxh1 26.
Rxh1 Re8 27. Nf5 Rxe4 28. Nxg7 Re5 $11 {But this, of course, is far from being
forced.} 29. Rg1 Nh3) 18... Rxh1 19. Rxh1 d5 $1 20. fxe6 fxe6 21. exd5 e5 {
This is the key to the pawn sacrifice. Black´s strong bishops provide good
compensation for the pawn.} 22. Nde2 Bf5 23. Ng3 Bg6 24. Qe3 (24. Qe2) 24...
Nxb3 25. axb3 Bc5 26. Qe2 Bd4 27. Nge4 Kb8 $44 28. Rd1 Rf8 29. Rf1 Rc8 {
Time trouble was looming, and I still had not made up my mind as to whether I
should strive for victory or be happy with a draw. It seemed to me Black had
the easier game, so I decided to "shuffle my pieces" a little longer..} ({But} 
29... Rd8 {makes more sense, putting pressure on d5.}) 30. Re1 Qd7 31. b4 $1 {
Ok, no more shuffling. White wants to establish a knight on c5, and that meant
my king had a reason to be concerned. I suppose I should be happy with a draw.}
Ka7 $6 32. Nc5 Qd6 (32... Qe7 33. N3e4) 33. Qg4 ({Fritz proposes} 33. Qb5 $1 {
here, which gives White the upper hand. Funny that I put my king on a7 to
avoid trouble.} {Best is} Rc7 $1 (33... axb5 34. Nxb5+ Kb8 35. Nxd6 Bxc5 36.
bxc5 (36. Nxc8 Bxb4) 36... Rxc5 37. Rxe5 Bxc2+ 38. Kc1 Bb3+ 39. Kd2 Rxd5+ 40.
Rxd5 Bxd5 41. Ke3 g6 42. Kd4 {leads to a scary, probably losing ending.}) 34.
N5e4 (34. Qa5 Bxc3 35. bxc3 Rf7 36. Nd3 Bxd3 37. cxd3 b5 38. Qa2 Rf3 $132)
34... Qd7 (34... Qf8 35. Qa5 Bxc3 36. Nxc3 Bxc2+ 37. Kxc2 Qf2+ 38. Kb3 Rxc3+
39. bxc3 Qxe1 40. Qc5+ Kb8 41. Qf8+ Ka7 42. Qxg7 $18) (34... Qd8 35. Qa5) ({
after} 34... Bxc3 {Fritz holds everything together with} 35. Nxd6 Bxe1 36. Qf1
$1 Rxc2 (36... Bxc2+ 37. Ka2 Bxb4 38. Nc4 $1 $18) 37. Nf5 $18) 35. Qxd7 Rxd7
36. d6 b6 {controlling c5 and enabling the king to come to c6.} (36... Bxc3 37.
bxc3 Bxe4 38. Rxe4 Rxd6 39. Rxe5 $16) 37. Kc1 (37. Nd5 Bxe4 38. Rxe4 Rxd6 39.
Ne7 Re6 40. Nf5 Rg6 41. c3 Rxg5 42. cxd4 Rxf5 43. dxe5 Rf7) 37... Kb7 {And
Black has decent drawing chances in the ending. For example,} 38. Nb1 Bxe4 39.
Rxe4 Rxd6 40. c3 Bf2 41. Rxe5 Kc6 42. Nd2 Rd5) 33... Rxc5 {I felt fine after
this.The two bishops are very strong and my king is no longer an issue. With
less than a minute, these factors seemed quite convincing. Even if} (33... Rd8
34. Qe6 (34. Ne6 Bxc3 35. bxc3 Qxd5) 34... Qxe6 35. Nxe6 Bxc3 36. bxc3 Rxd5 37.
c4 Rd2 38. Rxe5 Bxc2+ 39. Kc1 Rg2 {is better objectively, from a practical
point of view it is probably not the right choice.}) 34. bxc5 Qxc5 35. Qf3 Qb4
36. Rd1 $6 {This leads to a draw.} (36. Qg3 {would have been harder to meet.
Black should prevent Rxe5, which would leave White with the superior team:
Q+N+d-pawn.} Qd6 (36... Qb6 37. Rxe5 Bxe5 38. Qxe5 Qf2 39. Ka2 Bxc2 40. d6 $16)
37. Ne2 (37. Qh3 Qb4) 37... Bb6 {and the two bishops are still a force to be
reckoned with.} (37... Qxd5 38. Nxd4 exd4 39. Qf2)) 36... Bh5 37. Rxd4 exd4 38.
Qe4 Bg6 39. Qf4 $2 (39. Nb5+ $11 {draws immediately.}) 39... Qc5 $17 (39...
Bxc2+ $1 {is cleaner.}) 40. Qf2 b6 41. Na4 $2 Qc4 42. d6 (42. Qh2 d3 $19 (42...
Qxd5 43. Qc7+ Qb7 44. Qd6)) 42... Qxa4 0-1

[Event "USA-ch GpA"]
[Site "San Diego"]
[Date "2006.03.06"]
[Round "4"]
[White "Kudrin, Sergey"]
[Black "Florean, Andrei"]
[Result "1-0"]
[WhiteElo "2554"]
[BlackElo "2426"]
[Annotator "Atlas,V"]
[PlyCount "77"]
[EventDate "2006.03.02"]
[EventType "swiss"]
[EventRounds "9"]
[EventCountry "USA"]
[SourceTitle "CBM 112"]
[Source "ChessBase"]
[SourceDate "2006.06.07"]
[SourceVersion "1"]
[SourceVersionDate "2006.06.07"]
[SourceQuality "1"]

1. e4 c5 2. Nf3 d6 3. d4 cxd4 4. Nxd4 Nf6 5. Nc3 a6 6. Bc4 e6 7. Bb3 Be7 8. g4
h6 9. h4 Nc6 10. Rg1 g6 11. g5 hxg5 12. hxg5 Nh5 13. Be3 Bd7 14. f4 Qa5 15. Qf3
O-O-O 16. O-O-O Kb8 17. Qf2 Qc7 18. Nde2 Rdf8 19. Bb6 Qc8 20. a3 f6 21. gxf6
Rxf6 22. Qe3 Rhf8 23. e5 dxe5 24. Ne4 exf4 ({After} 24... Rf5 25. Nc5 {Whtie
has a dangerous initiative.}) 25. Nxf6 $1 Rxf6 ({If} 25... fxe3 {then} 26.
Nxd7+ Ka8 27. Bxe3 Qe8 {, with better chances for White.}) 26. Qd3 Be8 27. Nc3
Ne5 28. Qe2 Rf5 29. Bd4 Bd6 30. Ne4 Bc7 31. Qf2 Ng3 $6 (31... Bc6 {is strongly
met by} 32. Nc5) (31... Nc6 {was to be preferred.}) 32. Nc5 Ng4 33. Qf3 Ne5 34.
Qf2 Ng4 35. Qe1 Bf7 {[%tqu "En","Black seems to have a sufficient compensation
for an exchange, but White found here a nice winning combination. Can you find
it too?","Use the superior activity of White's pieces on the queenside.",
"Sacrifice your knight!","c5d7","This is simple and very neat.",5]} 36. Nd7+ $1
{[%csl Rb8,Rc8,Gd1,Gd4,Gd7] This powerful blow unleashes the power of White's
active pieces and decides the game.} Qxd7 (36... Ka8 37. Bxe6 {is also
hopeless for Black.}) 37. Ba7+ Kc8 (37... Kxa7 38. Rxd7 f3 {is strongly met by}
39. Qb4 $1 f2 40. Rf1 $1 Nxf1 41. Rxc7 {, winning.}) 38. Rxd7 Kxd7 39. Qd1+ {
, and Black resigned, as he loses also his g4-knight.} 1-0

[Event "RUS-Cup7"]
[Site "Kstovo"]
[Date "1997.05.05"]
[Round "5"]
[White "Sokolov, Alexander"]
[Black "Neverov, Valeriy"]
[Result "1/2-1/2"]
[WhiteElo "2350"]
[BlackElo "2530"]
[Annotator "Baburin,A"]
[PlyCount "91"]
[EventDate "1997.05.01"]
[EventType "swiss"]
[EventRounds "9"]
[EventCountry "RUS"]
[SourceTitle "CBM 059"]
[Source "ChessBase"]
[SourceDate "1997.08.01"]
[SourceVersion "1"]
[SourceVersionDate "1997.08.01"]
[SourceQuality "1"]

1. e4 c5 2. Nf3 e6 3. d4 cxd4 4. Nxd4 Nf6 5. Nc3 d6 6. Bc4 Be7 7. Be3 O-O 8.
Bb3 Na6 9. Qf3 Nc5 10. g4 Bd7 11. g5 Ne8 12. Rg1 g6 13. O-O-O Ng7 14. Qe2 a6
15. f4 b5 16. f5 b4 {[#]} 17. Nd5 {Often in the Sicilian Defence White plays
Nc3-d5 after the knight has been attacked by ...b4 in order to avoid ...b4xc3.
Here we have such a case - White can get a piece back by f5-f6, so the main
reason for the Nc3-d5 manouevre here is to deprive Black of a chance to play ..
.bxc3, which would have weakened White's pawn formation.} Nxb3+ 18. Nxb3 exd5
19. f6 dxe4 20. Bf4 $13 Nf5 21. Nd4 e3 22. Kb1 Re8 23. fxe7 Qxe7 24. Nxf5 Bxf5
25. Rg3 Rac8 26. Rc1 Rxc2 27. Rxc2 Bxc2+ 28. Ka1 Qe4 29. Qxe3 d5 30. b3 Qh1+
31. Rg1 Rxe3 32. Rxh1 Re2 33. Bg3 d4 34. Re1 d3 35. Rxe2 dxe2 36. Kb2 Bd3 37.
Kc1 f6 38. gxf6 Kf7 39. Kd2 Bb1 40. Bd6 Bxa2 41. Bxb4 Bxb3 42. Kxe2 Kxf6 43.
Ba5 Ke5 44. Kd3 Kd5 45. Kc3 Bd1 46. Kb2 1/2-1/2

[Event "Sydney Mercantile"]
[Site "Sydney"]
[Date "1991.??.??"]
[Round "7"]
[White "Arakhamia Grant, Ketevan"]
[Black "Ftacnik, Lubomir"]
[Result "0-1"]
[WhiteElo "2440"]
[BlackElo "2590"]
[Annotator "Blatny,P"]
[PlyCount "88"]
[EventDate "1991.04.??"]
[EventType "tourn"]
[EventRounds "9"]
[EventCountry "AUS"]
[EventCategory "10"]
[SourceTitle "CBM 023"]
[Source "ChessBase"]
[SourceDate "1991.08.01"]
[SourceVersion "1"]
[SourceVersionDate "1991.08.01"]
[SourceQuality "1"]

1. e4 {Ftacnik} c5 2. Nf3 d6 3. d4 cxd4 4. Nxd4 Nf6 5. Nc3 a6 6. Bc4 e6 7. Bb3
Nbd7 8. f4 (8. Qe2 {--> Nitkov-Serebrjanik CBM_23}) 8... Nc5 9. O-O (9. e5 {
--> Mikhalchishin-Stangl CBM_23}) (9. f5 Be7 10. fxe6 fxe6 11. O-O Nxb3 12.
axb3 O-O 13. Be3 Bd7 14. Kh1 Qc7 15. Qd3 $6 (15. Qe2) 15... Ng4 $1 $15 {
><e5 Akopian-Ivanchuk,USSR 1989}) 9... Be7 10. e5 dxe5 11. fxe5 Nxb3 (11...
Nfd7 {Ftacnik} 12. Qh5 $40) 12. axb3 (12. exf6 Qxd4+ (12... Bc5 {Ftacnik} 13.
fxg7 Bxd4+ (13... Qxd4+ 14. Kh1 Nxa1 15. gxh8=Q+ Qxh8 16. Bg5 $40) 14. Kh1 Bxg7
15. Qh5 O-O 16. axb3 $14) 13. Qxd4 Nxd4 14. fxe7 Kxe7 $15) 12... Bc5 13. Be3 (
13. Ra4 {Ftacnik} b5 $1 14. Ncxb5 axb5 15. Rxa8 Bxd4+ 16. Kh1 Bxe5 17. Qe2 Nd7
$1 $17) 13... Nd5 14. Bf2 {/\ Ne4} (14. Qf3 O-O 15. Nxd5 Qxd5 16. Qxd5 exd5 $13
) (14. Nxd5 {Ftacnik} Qxd5 15. Qf3 Qxf3 16. Rxf3 Bd7 $10) 14... Nxc3 (14... O-O
{Ftacnik} 15. Ne4 $1 Be7 16. Qg4 $40) 15. bxc3 Qc7 (15... O-O {Ftacnik} 16. b4
$5 Bxd4 (16... Bb6 17. c4) 17. Bxd4 $40) 16. Qh5 (16. Nb5 {Ftacnik} Qxe5 $1) (
16. b4 {Ftacnik} Be7 17. Qf3 O-O 18. Rae1 Bd7 $13) 16... O-O (16... Bd7 {
Ftacnik} 17. Bh4 $5 O-O 18. Rf3 Bxd4+ 19. cxd4 Qxc2 20. Be7 Qd2 $1 $132 (20...
Bc6 $2 21. Rg3 Be4 22. Rxg7+ $3 Kxg7 23. Bf6+ Kg8 24. Qg5+ Bg6 25. Qh6 $18))
17. Rae1 {/\ Re1-e4-h4->} (17. Bh4 $5 {Ftacnik} Bxd4+ 18. cxd4 Qxc2 19. Rf3 Qg6
$1) 17... Bd7 (17... f5 $6 {Ftacnik} 18. exf6 Rxf6 19. Bg3 $14) 18. Re4 f5 $5
19. Rh4 (19. exf6 Rxf6 20. Nxe6 Bxf2+ (20... Rxe6 {Ftacnik} 21. Bxc5 g6 (21...
Rxe4 22. Qf7+) 22. Qd5 $16) (20... Bxe6 {Ftacnik} 21. Qxc5 Qxc5 22. Bxc5 Rxf1+
23. Kxf1 $14) 21. Rxf2 Qxc3) 19... h6 20. Qg6 {/\Rh6;Ne6} (20. Be3 {Ftacnik}
Be8 21. Qe2 Qxe5 $17) 20... Be8 $1 21. Qg3 (21. Nxe6 Bxf2+ 22. Rxf2 Qe7 $19) (
21. Qxe6+ Bf7 22. Qxf5 Bc4 $1 23. Qg6 (23. Ne6 Qd7 (23... Qd7 $1 24. Qg6 Bxf2+
$19) (23... Rxf5 24. Nxc7 Rxf2 25. Rxc4 $1)) 23... Bxd4 (23... Bxf1 24. Rxh6
Qxe5 25. Rh5 $132) 24. cxd4 (24. Rxh6 Rxf2) (24. bxc4 Bxf2+ (24... Bxf2+ {
Ftacnik} 25. Rxf2 Rxf2 26. Kxf2 Qxe5 $15)) 24... Bxf1 (24... Bxf1 25. Rxh6 Bd3
$3 $19)) 21... Bxd4 22. Bxd4 $2 {צh4} (22. Rxd4 $5 $10 {Ftacnik}) 22... Kh7
23. Qe3 (23. Be3 {Ftacnik} Qxc3 $17) (23. Rhf4 {Ftacnik} g5 24. R4f2 Bc6 $17)
23... Qd8 24. Rh3 (24. Qh3 $5 {Ftacnik} Rc8 $15) 24... Bc6 25. Bb6 (25. c4 {
Ftacnik} b5 $1 26. cxb5 axb5 $17) 25... Qd5 26. Qe2 (26. Rg3 {Ftacnik} g5 27.
c4 Qe4 $17) 26... Qb5 27. Qxb5 (27. Qe3 Be4 28. c4 Qc6 29. Rf2 (29. Qf2 Bxg2)
29... f4) 27... axb5 28. Rd3 Ra2 29. Rd2 (29. Rf2 {Ftacnik} f4 30. Rd6 Bd5 $17)
29... f4 30. Rdf2 (30. g3 {Ftacnik} g5) 30... g5 31. Rd1 (31. g3 {Ftacnik} Rf5
32. gxf4 gxf4 33. Rxf4 Rg5+ 34. Kf2 Rxc2+ 35. Ke3 Rxc3+ $19) 31... Rfa8 32. Kf1
Ra1 33. Rxa1 (33. Rfd2 {Ftacnik} Kg6) 33... Rxa1+ 34. Ke2 Kg6 (34... Rg1 {
Ftacnik} 35. Rxf4 $1 Rxg2+ 36. Rf2 Rxf2+ 37. Kxf2 Be4 38. c4 bxc4 39. bxc4 Bxc2
$17) 35. g3 Kf5 36. gxf4 gxf4 37. Be3 f3+ 38. Kd2 (38. Kd3 {Ftacnik} Rd1+ 39.
Bd2 (39. Rd2 Be4+ 40. Kd4 Rxd2+ 41. Bxd2 f2 $19) 39... Kxe5 $19) 38... h5 39.
Bd4 Ke4 40. b4 Rh1 41. Bb6 Bd5 42. c4 (42. Bd4 {Ftacnik} Bc4 43. Bb6 Be2 $19)
42... Bxc4 43. Bc7 Be2 44. Kc3 Rd1 0-1

[Event "RUS-Cup3"]
[Site "Omsk"]
[Date "1996.??.??"]
[Round "8"]
[White "Varavin, Viktor"]
[Black "Loskutov, Oleg"]
[Result "1-0"]
[WhiteElo "2520"]
[BlackElo "2395"]
[Annotator "Boensch,U"]
[PlyCount "53"]
[EventDate "1996.12.13"]
[EventType "swiss"]
[EventRounds "9"]
[EventCountry "RUS"]
[SourceTitle "CBM 057"]
[Source "ChessBase"]
[SourceDate "1997.04.01"]
[SourceVersion "1"]
[SourceVersionDate "1997.04.01"]
[SourceQuality "1"]

1. e4 c5 2. Nf3 d6 3. d4 cxd4 4. Nxd4 Nf6 5. Nc3 a6 6. Bc4 e6 7. Bb3 Nbd7 8.
O-O Nc5 9. Qe1 (9. Qf3 Be7 10. Qg3 O-O 11. Bh6 Ne8 12. Rad1 $4 Nxb3 13. axb3
Bh4 14. Qg4 f5 15. exf5 exf5 16. Qe2 gxh6 $19 {0-1 Magomedov,M-Dvoirys,S/
Cheliabinsk-A 1991 (44)}) (9. f4 Qc7 10. Qf3 Be7 11. f5 O-O 12. Be3 Kh8 13. g4
b5 14. g5 Nfxe4 15. Nxe4 Bb7 16. g6 Bxe4 17. Nxe6 Bxf3 18. Nxc7 Nxb3 19. cxb3
Rac8 20. Rxf3 Rxc7 $11 {1/2-1/2 Rogers,I-Baburin,A/Erevan olm 1996 (25)}) 9...
Be7 (9... b5 10. f3 Qb6 11. Be3 Bb7 12. Rd1 Be7 $2 13. Bxe6 $1 fxe6 14. b4 $16
{1-0 Benson,P-Dearing,E/Isle of Man op 1994 (30)}) 10. Bg5 O-O (10... Bd7 11.
f4 Qb6 12. Rd1 h6 13. Bh4 Nfxe4 14. Nxe4 Bxh4 15. Nxd6+ (15. Qxh4 Nxe4 16. f5
exf5 17. Bxf7+ Kxf7 18. Qxe4 Rhe8 19. Qd5+ Kg6 $13) 15... Qxd6 16. Qxh4 Qb6 17.
Kh1 O-O 18. f5 exf5 19. Nxf5 Bxf5 20. Rxf5 Nxb3 21. axb3 Rad8 $15 {Sion Castro,
M-Azmaiparashvili,Z/Leon 1994/1/2-1/2 (63)}) (10... Qa5 11. f4 h6 12. Bh4 g5
13. fxg5 hxg5 14. Bg3 Ng4 15. Rd1 Nxb3 16. axb3 Bd7 $15 {0-1 Rojo,G-Yewdokimov,
O/Madrid-B 1994 (27)}) 11. f4 Nxb3 12. axb3 Qb6 13. Rd1 Qc5 (13... e5 $4 14.
fxe5 dxe5 15. Bxf6 Bxf6 16. Nd5 Qa7 17. Nxf6+ gxf6 18. Qg3+ Kh8 19. Qh4 exd4 (
19... Qb6 20. Rxf6 $18) 20. Qxf6+ Kg8 21. Rd3 Bg4 22. Rg3 d3+ 23. Kh1 h5 24.
Qg5+ Kh8 25. Rf6 $18) 14. e5 dxe5 15. fxe5 Nd5 16. Ne4 Qc7 17. c4 Bxg5 18. Nxg5
(18. cxd5 $1 Bh6 (18... Qxe5 19. Nf3 Qxb2 20. Nfxg5 $16) 19. d6 $16) 18... Ne7
19. Qe4 Ng6 20. Rde1 Bd7 21. h4 Bc6 22. Qg4 Qb6 23. Nxf7 $2 (23. Kh1 Rad8 24.
Nxc6 bxc6 25. Qh5 $16) 23... Bxg2 $4 (23... Rxf7 24. Rxf7 (24. h5 Rd8 $1 25.
hxg6 Qxd4+ 26. Qxd4 Rxf1+ $19) 24... Rd8 $1 (24... Kxf7 $4 25. Qxe6+ Kf8 26.
Rf1+ $18) 25. Rd1 (25. Qxe6 Qxd4+ 26. Rf2+ Kh8 27. h5 Rf8 28. Ref1 Nf4 29. Kh2
(29. Qg4 Bxg2 $19) (29. Qe7 Rf7 $1 30. Qxf7 Ne2+ 31. Kh2 Qh4#) 29... Qxf2 $19)
25... Rxd4 26. Rxg7+ Kxg7 $17) 24. Kxg2 Rxf7 25. Rxf7 Rd8 (25... Kxf7 26. c5 $1
$18) 26. Qxe6 Qxe6 27. Nxe6 (27. Nxe6 Rd2+ 28. Rf2 $18) 1-0

[Event "World Cup"]
[Site "Skelleftea"]
[Date "1989.08.??"]
[Round "15"]
[White "Ehlvest, Jaan"]
[Black "Tal, Mihail"]
[Result "1/2-1/2"]
[WhiteElo "2620"]
[BlackElo "2585"]
[Annotator "Bulletin"]
[PlyCount "49"]
[EventDate "1989.08.??"]
[EventType "tourn"]
[EventRounds "15"]
[EventCountry "SWE"]
[EventCategory "16"]
[SourceTitle "CBM 014"]
[Source "ChessBase"]
[SourceDate "1990.02.01"]
[SourceVersion "1"]
[SourceVersionDate "1990.02.01"]
[SourceQuality "1"]

1. e4 c5 2. Nf3 d6 3. d4 cxd4 4. Nxd4 Nf6 5. Nc3 a6 6. Bc4 e6 7. Bb3 Nbd7 8.
Bg5 h6 9. Bh4 Qa5 10. f3 (10. O-O Qh5 $1 {Ehlvest,J-Kasparov,G/Skeleftea WCup/
1989/ -> CBM14}) 10... Be7 11. Qe2 Nc5 12. O-O Bd7 13. Rad1 b5 14. e5 (14. f4
b4 15. e5 $13) 14... dxe5 15. Qxe5 b4 16. Ne4 Nxb3 17. Bxf6 Qxe5 18. Bxe5 Nxd4
19. Rxd4 f6 20. Bd6 a5 21. Rfd1 Bc6 22. Rc4 Rc8 23. Bxe7 Kxe7 24. Nd6 Rc7 25.
Rd3 1/2-1/2

[Event "World Cup"]
[Site "Skelleftea"]
[Date "1989.08.??"]
[Round "11"]
[White "Ehlvest, Jaan"]
[Black "Kasparov, Garry"]
[Result "1/2-1/2"]
[WhiteElo "2620"]
[BlackElo "2775"]
[Annotator "Bulletin"]
[PlyCount "46"]
[EventDate "1989.08.??"]
[EventType "tourn"]
[EventRounds "15"]
[EventCountry "SWE"]
[EventCategory "16"]
[SourceTitle "CBM 014"]
[Source "ChessBase"]
[SourceDate "1990.02.01"]
[SourceVersion "1"]
[SourceVersionDate "1990.02.01"]
[SourceQuality "1"]

1. e4 c5 2. Nf3 d6 3. d4 cxd4 4. Nxd4 Nf6 5. Nc3 a6 6. Bc4 e6 7. Bb3 Nbd7 (7...
Nc6 {Kortschnoj,V-Ribli/Skeleftea WCup/1989/ -> CBM14}) 8. Bg5 h6 {Bulletin:
'N'} 9. Bh4 Qa5 {'!' Bulletin.} 10. O-O {'?!' Bulletin. Bulletin: '10.f3;
Ehlvest-Tal/Skeleftea WCup/1989/'} Qh5 {'!' Bulletin. Bulletin: 'Damentausch
begünstigt Schwarz'} 11. Qxh5 Nxh5 12. f3 b6 13. Rfd1 Bb7 14. Bc4 Be7 15. Bf2
Rc8 16. Bf1 O-O 17. Nb3 Rc6 18. a4 Nhf6 19. Rd2 Rfc8 20. Nd4 R6c7 21. a5 b5 22.
Bxb5 axb5 23. Ndxb5 Rc4 1/2-1/2

[Event "Prague"]
[Site "Prague"]
[Date "1993.??.??"]
[Round "6"]
[White "Kveinys, Aloyzas"]
[Black "Gofshtein, Leonid D"]
[Result "1-0"]
[WhiteElo "2535"]
[BlackElo "2540"]
[Annotator "Bulletin"]
[PlyCount "51"]
[EventDate "1993.09.??"]
[EventType "tourn"]
[EventRounds "9"]
[EventCountry "CZE"]
[EventCategory "10"]
[SourceTitle "CBM 037"]
[Source "ChessBase"]
[SourceDate "1993.12.01"]
[SourceVersion "1"]
[SourceVersionDate "1993.12.01"]
[SourceQuality "1"]

1. e4 {Boensch} c5 2. Nf3 d6 3. d4 cxd4 4. Nxd4 Nf6 5. Nc3 e6 6. Bc4 Na6 (6...
Be7 {Boensch} 7. Be3 O-O 8. Bb3 Na6 9. f4 Nc5 10. Qf3 a5 11. O-O-O a4 12. Bc4
a3 (12... Nfxe4 $15) 13. Ndb5 axb2+ 14. Kb1 Qa5 $15 {Istratescu,A-Stohl,I
Budapest zt-B (03) 1993 1/2 25}) (6... a6 {Boensch} 7. Bb3 Nbd7 8. f4 Nc5 9. f5
Be7 10. O-O Bd7 11. fxe6 fxe6 12. Bg5 b5 13. Qf3 Nxb3 14. axb3 O-O 15. Kh1 Qe8
$15 {Hamdouchi,H-Hellers,F Biel izt (02) 1993 -CBM 37}) 7. Be3 (7. Bg5 $5 {
Boensch}) 7... Nc5 8. f3 a6 9. b4 (9. Qd2 {Boensch} b5 10. Bb3 Be7 $10) 9... d5
10. bxc5 (10. Be2 {Boensch} Ncd7 $15 {xb4}) 10... dxc4 11. Nde2 Qa5 (11...
Qxd1+ {Boensch} 12. Rxd1 Bd7 (12... Nd7 13. Na4 $16) 13. e5 $16) 12. Qd4 Bd7 (
12... Nd7 $5 13. c6 bxc6 14. Qxc4 Ne5 15. Qd4 Rb8 $13) 13. Rb1 (13. Qxc4 $2 {
Boensch} Bb5 14. Qb3 Nd7 $15) 13... Bb5 $6 (13... Rc8 14. Qxc4 (14. Qd2 Bxc5
15. Bxc5 Rxc5 16. Rxb7 Bc8 17. Rb8 O-O $13) (14. c6 Bxc6 15. Qxc4 Be7 16. Bb6
Qh5 17. O-O) 14... b5 15. Qd3 Bxc5 16. Bxc5 Rxc5 17. O-O b4 18. Nd1 Bb5 $17)
14. Bd2 $1 Qc7 (14... Bc6 15. Nd5 Qd8 16. Nxf6+ Qxf6 17. Qxc4 $14) 15. Nxb5
axb5 16. Rxb5 Nd7 (16... Rxa2 17. Qxc4 Ra1+ 18. Nc1 Nd7 19. Qd4 Ra8 20. Bb4 e5
21. Qf2 Qc6 22. c4 $14) 17. Be3 $1 Rxa2 $8 (17... Rc8 18. Qb2 (18. Qxc4 Bxc5
19. Bxc5 Nxc5 20. O-O) 18... Nxc5 19. Bxc5 Bxc5 20. Qxg7 Ke7 $13) 18. O-O $1
Rxc2 (18... Nb8 19. Bf4) (18... Be7 19. Qxc4 Ra8 20. Qb4 (20. Rfb1 $18 {Boensch
}) 20... O-O 21. Rxb7 Qxc5 22. Qd2 $1 $18) 19. Ra1 $1 Rxe2 20. Ra8+ Nb8 (20...
Ke7 21. Rxb7 (21. c6 bxc6 22. Ra7 Qxa7 $19) (21. Ra7 $1 e5 (21... Qe5 22. Rbxb7
Qxd4 23. Bxd4 e5 24. Rxd7+ Ke6 25. Rd5 exd4 26. Ra6+ Ke7 27. c6 g6 28. Rd7+ Ke6
29. Rd8 $18) 22. Qd5 Qc6 (22... Rxe3 23. Rbxb7 Rd3 24. Rxc7 Rxd5 25. exd5 Kf6
26. Rc6+ Ke7 27. Kf1 c3 28. Ke2 c2 29. Kd2 g6 30. Kxc2 $18) 23. Bg5+ f6 24.
Rbxb7 Qxd5 25. exd5 fxg5 26. Rxd7+ Ke8 (26... Kf6 27. Ra6+ Kf5 28. Rf7#) 27.
Rdc7 Kd8 28. d6 $18) (21. Ra7 $18 {Boensch}) 21... Qxb7 22. Qd6+ Kf6 23. Qf4+ (
23. Bd4+ Kg6 24. Qg3+ Kh6 $10) 23... Ke7 24. Qd6+ $10) 21. c6 $1 Bd6 (21... Be7
22. Rxb7 Re1+ 23. Kf2 Bh4+ 24. g3 $18) (21... Qc8 22. Rxb7 Rxe3 23. Raxb8 Re1+
24. Kf2 Re2+ 25. Kxe2 $18) 22. Rxb7 Qxc6 (22... Bxh2+ 23. Kf1 Qxc6 24. Raxb8+
Bxb8 25. Rxb8+ Ke7 26. Rxh8 $18) 23. Raxb8+ Bxb8 24. Rxb8+ Ke7 25. Rxh8 f6 26.
Qa7+ (26. Qd8+ Kf7 27. Rf8+ Kg6 28. Rxf6+ gxf6 29. Qg8+ Kh5 30. Qxh7#) (26.
Qa7+ Qd7 27. Bc5+ Kf7 28. Qxd7+ Kg6 29. Qxe6 c3 30. Qf5+ Kf7 31. Rf8#) 1-0

[Event "EU-chT (Men) 10th"]
[Site "Debrecen"]
[Date "1992.11.??"]
[Round "6.4"]
[White "Istratescu, Andrei"]
[Black "Cebalo, Miso"]
[Result "1/2-1/2"]
[WhiteElo "2430"]
[BlackElo "2515"]
[Annotator "Bulletin"]
[PlyCount "39"]
[EventDate "1992.11.20"]
[EventType "team-swiss"]
[EventRounds "9"]
[EventCountry "HUN"]
[SourceTitle "EU-chT"]
[Source "ChessBase"]
[SourceDate "1999.07.01"]
[SourceVersion "2"]
[SourceVersionDate "1999.07.01"]
[SourceQuality "1"]
[WhiteTeam "Romania"]
[BlackTeam "Croatia"]
[WhiteTeamCountry "ROU"]
[BlackTeamCountry "CRO"]

1. e4 c5 2. Nf3 e6 3. d4 cxd4 4. Nxd4 Nf6 5. Nc3 d6 6. Bc4 Be7 7. Bb3 Na6 8. f4
Nc5 9. Qf3 O-O 10. Be3 a6 11. O-O Qc7 12. g4 (12. f5 b5 13. fxe6 fxe6 14. Nf5
Nxb3 15. Nxe7+ Qxe7 16. axb3 Bb7 17. Bg5 $10) 12... b5 13. g5 Nfxe4 14. Nxe4
Bb7 15. Nxc5 dxc5 (15... Bxf3 16. Ncxe6 $1 Qb7 $8 17. Rxf3 fxe6 18. Nxe6 $1 $44
{-> Istratescu,A; Stoica,V}) 16. Nxe6 Qc8 17. Bd5 Bxd5 18. Qxd5 Qxe6 19. Qxe6
fxe6 20. a4 1/2-1/2